000 00285nam a22001337a 4500
008 170922b xxu||||| |||| 00| 0 eng d
020 _a067503514706
041 _aeng
080 _a37
100 _a46
101 _aEDU
245 _aMERRILL SCIENCE
_cHACKETT, J.K
942 _2udc
_cBK
999 _c29029
_d29029